Early histroy of vaishnavism in south india (Record no. 44690)

MARC details
000 -LEADER
fixed length control field 00480nam a22001697a 4500
003 - CONTROL NUMBER IDENTIFIER
control field CUTN
005 - DATE AND TIME OF LATEST TRANSACTION
control field 20250610155847.0
008 - FIXED-LENGTH DATA ELEMENTS--GENERAL INFORMATION
fixed length control field 250610b |||||||| |||| 00| 0 eng d
020 ## - INTERNATIONAL STANDARD BOOK NUMBER
International Standard Book Number 9788180943515
041 ## - LANGUAGE CODE
Language English
082 ## - DEWEY DECIMAL CLASSIFICATION NUMBER
Edition number 23
Classification number 294.5
Item number KRI
100 ## - MAIN ENTRY--PERSONAL NAME
Personal name aiyangar s krishnaswami
245 ## - TITLE STATEMENT
Title Early histroy of vaishnavism in south india
Statement of responsibility, etc s krishnaswami aiyangar
260 ## - PUBLICATION, DISTRIBUTION, ETC. (IMPRINT)
Place of publication, distribution, etc Chennai:
Name of publisher, distributor, etc MJP Publisher,
Date of publication, distribution, etc 2017.
300 ## - PHYSICAL DESCRIPTION
Extent 112p. :
Other physical details ill, ;
Dimensions 22cm.
942 ## - ADDED ENTRY ELEMENTS (KOHA)
Source of classification or shelving scheme Dewey Decimal Classification
Koha item type General Books
Holdings
Withdrawn status Lost status Source of classification or shelving scheme Damaged status Not for loan Collection code Home library Location Shelving location Date of Cataloging Total Checkouts Full call number Barcode Date last seen Price effective from Koha item type
    Dewey Decimal Classification     Non-fiction CUTN Central Library CUTN Central Library History & Geography 10/06/2025   294.5 KRI 51618 10/06/2025 10/06/2025 General Books